[Event "4NCL Division 3 North"]
[Site "Doncaster, ENG"]
[Date "2018.05.05"]
[Round "9.11"]
[White "Watson, Phil R"]
[Black "Thorarinsson, Pall A."]
[Result "1/2-1/2"]
[WhiteElo "2121"]
[BlackElo "2275"]
[PlyCount "57"]
[EventDate "2018.05.05"]
[WhiteTeam "Bradford DCA Knights A"]
[BlackTeam "Gonzaga"]

1. d4 Nf6 2. c4 e6 3. Nc3 Bb4 4. e3 c5 5. Bd3 Nc6 6. Nf3 Bxc3+ 7. bxc3 d6 8.
O-O e5 9. d5 Ne7 10. Qc2 Ng6 11. Ng5 O-O 12. f4 Re8 13. Bd2 b5 14. cxb5 Nxd5
15. Be4 Bb7 16. Qb3 c4 17. Qxc4 Rc8 18. Qd3 Rc5 19. h4 exf4 20. exf4 Qb6 21.
Kh1 Nf6 22. Rae1 Nxe4 23. Nxe4 Bxe4 24. Rxe4 Rxe4 25. Qxe4 Qd8 26. g3 Rxb5 27.
Re1 Rb8 28. c4 Qc8 29. Kh2 1/2-1/2

[Event "4NCL Division 3 North"]
[Site "Doncaster, ENG"]
[Date "2018.05.05"]
[Round "9.13"]
[White "Jennings, Roger W"]
[Black "Delaney, Killian"]
[Result "0-1"]
[WhiteElo "2020"]
[BlackElo "2188"]
[Annotator "Barnes,Lara"]
[PlyCount "124"]
[EventDate "2018.05.05"]
[WhiteTeam "Bradford DCA Knights A"]
[BlackTeam "Gonzaga"]

1. g3 Nf6 2. Bg2 g6 3. b3 Bg7 4. Bb2 O-O 5. Nf3 d6 6. d4 a5 7. O-O a4 8. a3
axb3 9. cxb3 d5 10. Nc3 c6 11. Rc1 Bf5 12. Nh4 Ne4 13. Nxf5 gxf5 14. Na4 Nd7
15. Qc2 e6 16. f3 Nd6 17. Nc5 Nb5 18. Nxb7 Qc7 19. Qxc6 Qxc6 20. Rxc6 Nxd4 21.
Bxd4 Bxd4+ 22. Kh1 Rxa3 23. e4 Nb8 24. Rc7 Be5 25. Rc5 Rxb3 26. Na5 Rc3 27. Rb5
fxe4 28. fxe4 Na6 29. Rb6 Nc7 30. Nc6 Bd6 31. Rd1 Ra8 32. exd5 Nxd5 33. Bxd5
exd5 34. Kg2 Rc2+ 35. Kh3 Raa2 36. Rxd5 Rxh2+ 37. Kg4 Ra4+ 38. Rd4 h5+ 39. Kg5
Rxd4 40. Nxd4 Bxg3 41. Nf5 Be5 42. Rb7 f6+ 43. Kh6 h4 44. Kh5 h3 45. Kh4 Rh1
46. Nh6+ Kf8 47. Ng4 h2 48. Kh3 Rg1 49. Nxh2 Rh1 50. Kg4 Rxh2 51. Kf5 Kg8 52.
Rd7 Rh5+ 53. Ke6 Rh7 54. Rd8+ Kg7 55. Rd1 Rh3 56. Rd7+ Kg6 57. Rd8 Kg5 58. Rg8+
Kh4 59. Rg1 Bd4 60. Rd1 Re3+ 61. Kd5 Bc3 62. Rc1 Rf3 {score sheet illegible}
0-1

[Event "4NCL Division 3 North"]
[Site "Doncaster, ENG"]
[Date "2018.05.05"]
[Round "9.14"]
[White "Murray, David"]
[Black "Bak, Andrew"]
[Result "1/2-1/2"]
[WhiteElo "2151"]
[BlackElo "1996"]
[PlyCount "94"]
[EventDate "2018.05.05"]
[WhiteTeam "Gonzaga"]
[BlackTeam "Bradford DCA Knights A"]

1. e4 c5 2. Nf3 Nc6 3. d4 cxd4 4. Nxd4 Nf6 5. Nc3 e5 6. Ndb5 d6 7. Bg5 a6 8.
Na3 b5 9. Bxf6 gxf6 10. Nd5 f5 11. Bd3 Be6 12. O-O Bxd5 13. exd5 Ne7 14. c4 Bg7
15. Qd2 e4 16. Be2 b4 17. Qxb4 Rb8 18. Qa4+ Qd7 19. Qxa6 Rxb2 20. Rab1 O-O 21.
Rxb2 Bxb2 22. Nb5 Be5 23. f4 exf3 24. Rxf3 Ng6 25. Bd3 Qe7 26. Qb6 Ra8 27. Qf2
Qg5 28. Rxf5 Qc1+ 29. Bf1 Bf4 30. Rxf4 Qxf4 31. Qxf4 Nxf4 32. g3 Ng6 33. Nxd6
Rxa2 34. c5 Ne7 35. Bc4 Rd2 36. c6 Nxc6 37. Nxf7 Na5 38. Ne5 Nxc4 39. Nxc4 Rxd5
40. Kg2 Kg7 41. Kf3 Rd3+ 42. Ne3 Ra3 43. Kf4 Kg6 44. h4 Ra4+ 45. Kf3 Kh5 46.
Nd5 Ra3+ 47. Ne3 Rb3 1/2-1/2

[Event "4NCL Division 3 North"]
[Site "Doncaster, ENG"]
[Date "2018.05.05"]
[Round "9.15"]
[White "Nicholson, Jim W R"]
[Black "Jackson, Carl"]
[Result "1-0"]
[WhiteElo "1985"]
[BlackElo "2152"]
[PlyCount "97"]
[EventDate "2018.05.05"]
[WhiteTeam "Bradford DCA Knights A"]
[BlackTeam "Gonzaga"]

1. d4 c5 2. e3 g6 3. Nf3 Bg7 4. Bd3 cxd4 5. exd4 Qb6 6. c3 Nf6 7. O-O d5 8. Qc2
Nc6 9. Bg5 Bg4 10. Nbd2 Rc8 11. Qb3 Qxb3 12. axb3 h6 13. Be3 a6 14. b4 O-O 15.
Ra2 Nd7 16. b5 axb5 17. Bxb5 Kh7 18. h3 Bxf3 19. gxf3 f5 20. f4 g5 21. Nf3 g4
22. Ne5 Nf6 23. Kh2 h5 24. Bd3 e6 25. f3 gxf3 26. Nxf3 Ne4 27. Bxe4 fxe4 28.
Ng5+ Kh8 29. Nxe6 Rf6 30. Nc5 b6 31. Nd7 Rd6 32. Ne5 Rf8 33. Rg1 Kh7 34. Raa1
Na5 35. Rg5 Rh6 36. Rag1 Bxe5 37. fxe5 Rf7 38. e6 Re7 39. Rxd5 Rg6 40. Rxh5+
Kg7 41. Bh6+ Kf6 42. Bg5+ Rxg5 43. Rhxg5 Rxe6 44. Rg6+ Ke7 45. Rxe6+ Kxe6 46.
Rg5 Nc4 47. Kg3 Kf6 48. Rb5 e3 49. Kf3 1-0

[Event "4NCL Division 3 North"]
[Site "Doncaster, ENG"]
[Date "2018.05.05"]
[Round "9.16"]
[White "O'Connor, Eddie"]
[Black "Gardiner, Eric D"]
[Result "0-1"]
[WhiteElo "1979"]
[BlackElo "1975"]
[Annotator "Barnes,Lara"]
[PlyCount "90"]
[EventDate "2018.05.05"]
[WhiteTeam "Gonzaga"]
[BlackTeam "Bradford DCA Knights A"]

1. d4 d6 2. e4 Nf6 3. Nc3 e5 4. dxe5 dxe5 5. Qxd8+ Kxd8 6. Bc4 Ke8 7. Bg5 Nbd7
8. O-O-O a6 9. f3 Bc5 10. Nge2 h6 11. Bd2 Nb6 12. Bb3 Be6 13. g4 Nc4 14. Bxc4
Bxc4 15. h4 c6 16. Ng3 g6 17. Rh2 h5 18. gxh5 Nxh5 19. Nxh5 Rxh5 20. Na4 Ba7
21. Bg5 b5 22. Nc3 Bc5 23. b3 Be6 24. Ne2 Ba3+ 25. Kd2 Be7 26. Bxe7 Kxe7 27.
Kc3 Rah8 28. Rdh1 g5 29. Kb4 Rxh4 30. Rxh4 gxh4 31. Ka5 h3 32. Ra1 Rg8 33. Kxa6
Rg2 34. Kb6 Rxe2 35. a4 bxa4 36. bxa4 Rxc2 37. a5 Bc4 38. a6 Bxa6 39. Kxa6 h2
40. Kb6 Kf6 41. Kc7 Kg5 42. Kd6 Kf4 43. Rf1 Rg2 44. Rh1 Kxf3 45. Kxe5 Kg3 0-1

[Event "4NCL Division 3 North"]
[Site "Doncaster, ENG"]
[Date "2018.05.05"]
[Round "9.21"]
[White "Reeve, Andy K"]
[Black "Rutter, Nick J"]
[Result "1/2-1/2"]
[WhiteElo "2200"]
[BlackElo "2290"]
[PlyCount "39"]
[EventDate "2018.05.05"]
[WhiteTeam "3Cs 2"]
[BlackTeam "Shropshire 1"]

1. c4 e5 2. Nc3 Bb4 3. g3 Bxc3 4. bxc3 d6 5. Bg2 Nc6 6. Rb1 Nge7 7. d3 O-O 8.
e4 b6 9. Ne2 Bb7 10. O-O Na5 11. g4 Qd7 12. Ng3 Rad8 13. Nh5 f6 14. f4 exf4 15.
Bxf4 Kh8 16. Qe2 Ng8 17. Rf2 Rde8 18. Rbf1 Nc6 19. h3 Nce7 20. Be3 1/2-1/2

[Event "4NCL Division 3 North"]
[Site "Doncaster, ENG"]
[Date "2018.05.05"]
[Round "9.22"]
[White "Cooper, Gavyn"]
[Black "Clarke, Stuart W"]
[Result "1-0"]
[WhiteElo "2147"]
[BlackElo "2239"]
[PlyCount "81"]
[EventDate "2018.05.05"]
[WhiteTeam "Shropshire 1"]
[BlackTeam "3Cs 2"]

1. Nf3 Nf6 2. g3 d5 3. Bg2 Bg4 4. Ne5 Bh5 5. c4 Nbd7 6. d4 e6 7. Qb3 Bd6 8.
Nxd7 Qxd7 9. c5 Qc6 10. Nc3 Be7 11. O-O O-O 12. Re1 Ne4 13. Nd1 b6 14. f3 Nf6
15. cxb6 Qxb6 16. Qxb6 axb6 17. Nc3 c5 18. Be3 c4 19. Bf2 b5 20. Nxb5 Ra5 21.
Nc3 Rb8 22. Nd1 Bb4 23. Rf1 Bg6 24. Be3 Bc2 25. a3 Be7 26. Bd2 Ra6 27. Bc3 Rb3
28. Ne3 Bg6 29. Rfc1 h6 30. Nf1 Rb8 31. Nd2 Nd7 32. e4 f6 33. Bh3 f5 34. exd5
exd5 35. Re1 Kf8 36. Nf1 Rf6 37. Ne3 Nb6 38. a4 Rd8 39. a5 Na8 40. a6 f4 41.
Ng4 1-0

[Event "4NCL Division 3 North"]
[Site "Doncaster, ENG"]
[Date "2018.05.05"]
[Round "9.23"]
[White "Burke, Mitchell R"]
[Black "Paul, Nathanael"]
[Result "1-0"]
[WhiteElo "2087"]
[BlackElo "2005"]
[PlyCount "97"]
[EventDate "2018.05.05"]
[WhiteTeam "3Cs 2"]
[BlackTeam "Shropshire 1"]

1. e4 c6 2. d4 d5 3. exd5 cxd5 4. c4 Nf6 5. Nc3 Nc6 6. Nf3 Bg4 7. cxd5 Nxd5 8.
Qb3 Bxf3 9. gxf3 e6 10. Qxb7 Nxd4 11. Bb5+ Nxb5 12. Qc6+ Ke7 13. Qxb5 Qd7 14.
Nxd5+ Qxd5 15. Qxd5 exd5 16. Bg5+ f6 17. Be3 Ke6 18. O-O-O Rc8+ 19. Kb1 Bc5 20.
Rhe1 Bxe3 21. Rxe3+ Kd6 22. Rde1 Rhd8 23. Re6+ Kc7 24. Re7+ Rd7 25. Rc1+ Kd6
26. Rxd7+ Kxd7 27. Rxc8 Kxc8 28. Kc2 Kb7 29. Kc3 Kc6 30. b4 Kb5 31. Kb3 f5 32.
a4+ Kc6 33. f4 Kb6 34. Kc3 g6 35. Kd4 Kc6 36. Kc3 Kb6 37. Kd4 Kc6 38. h3 Kd6
39. Kc3 Kc6 40. Kd4 Kd6 41. b5 Kc7 42. Kxd5 Kb6 43. Kc4 Ka5 44. Kb3 h6 45. h4
h5 46. f3 Kb6 47. Kb4 a5+ 48. bxa6 Kxa6 49. Kc5 1-0

[Event "4NCL Division 3 North"]
[Site "Doncaster, ENG"]
[Date "2018.05.05"]
[Round "9.25"]
[White "Rita, Joao"]
[Black "Higgie, Charles L"]
[Result "0-1"]
[WhiteElo "2035"]
[BlackElo "2050"]
[PlyCount "76"]
[EventDate "2018.05.05"]
[WhiteTeam "3Cs 2"]
[BlackTeam "Shropshire 1"]

1. e4 c5 2. Nf3 d6 3. c3 Nf6 4. Bd3 Bg4 5. h3 Bh5 6. e5 dxe5 7. Qa4+ Nc6 8.
Nxe5 Qd5 9. Nxc6 bxc6 10. O-O e6 11. Ba6 Rb8 12. Na3 Be7 13. Re1 O-O 14. Nc4
Nd7 15. Ne3 Qd6 16. d3 Rfd8 17. Nf1 e5 18. f4 f6 19. Ng3 Bg6 20. f5 Nb6 21. Qg4
Bf7 22. Ne4 Qd7 23. Be3 Nd5 24. b3 Nxe3 25. Rxe3 g6 26. Rf1 Kg7 27. Rg3 g5 28.
Bc4 Bxc4 29. dxc4 Qe8 30. Nxg5 fxg5 31. f6+ Bxf6 32. Rxf6 Kxf6 33. Qxg5+ Ke6
34. Qh6+ Kd7 35. Rg7+ Kc8 36. Rg8 Rd1+ 37. Kh2 Qxg8 38. Qxc6+ Kd8 0-1

[Event "4NCL Division 3 North"]
[Site "Doncaster, ENG"]
[Date "2018.05.05"]
[Round "9.31"]
[White "Whitfield, Craig M"]
[Black "Page, Mark E"]
[Result "1-0"]
[WhiteElo "2069"]
[BlackElo "2142"]
[PlyCount "119"]
[EventDate "2018.05.05"]
[WhiteTeam "Cheddleton 2"]
[BlackTeam "Warwickshire Select 2"]

1. d4 Nf6 2. Nf3 g6 3. c4 Bg7 4. e3 d6 5. Nc3 O-O 6. Be2 Nc6 7. d5 Ne5 8. Nxe5
dxe5 9. e4 e6 10. Bg5 h6 11. Be3 exd5 12. cxd5 a6 13. Bc5 Re8 14. O-O Nd7 15.
Be3 Nf6 16. Rc1 Bd7 17. Qb3 Qb8 18. f3 c6 19. dxc6 Bxc6 20. Bc4 Re7 21. Rfd1
Qe8 22. Bd5 Bxd5 23. Nxd5 Nxd5 24. Qxd5 Rc8 25. Kf2 Rxc1 26. Rxc1 Rd7 27. Qc4
Kh7 28. Rc2 Qd8 29. g3 h5 30. Ke2 Bf6 31. Rd2 Kg7 32. h4 Rxd2+ 33. Bxd2 Qb6 34.
Qb4 Qc7 35. Qc3 Qd7 36. Qc4 Be7 37. Bc3 f6 38. Bd2 Qh3 39. Be1 Qd7 40. a4 g5
41. hxg5 fxg5 42. Bc3 Bf6 43. Qc5 Qxa4 44. Bxe5 Qd7 45. Bc3 Kg6 46. Qb6 Qc6 47.
Qxc6 bxc6 48. Bxf6 Kxf6 49. b4 Ke5 50. Ke3 Kd6 51. f4 g4 52. Kd4 Ke6 53. f5+
Kf6 54. Kd3 Ke5 55. Ke3 Kd6 56. Kd4 c5+ 57. bxc5+ Kd7 58. f6 h4 59. gxh4 g3 60.
Ke3 1-0

[Event "4NCL Division 3 North"]
[Site "Doncaster, ENG"]
[Date "2018.05.05"]
[Round "9.32"]
[White "Paterson, Andrew I"]
[Black "Boswell, Jacob Connor"]
[Result "1/2-1/2"]
[WhiteElo "2065"]
[BlackElo "2072"]
[PlyCount "96"]
[EventDate "2018.05.05"]
[WhiteTeam "Warwickshire Select 2"]
[BlackTeam "Cheddleton 2"]

1. Nf3 e6 2. e4 d5 3. exd5 exd5 4. d4 c5 5. Bb5+ Bd7 6. Bxd7+ Nxd7 7. O-O Ngf6
8. Nc3 Be7 9. Bf4 O-O 10. h3 Re8 11. Nb5 Bf8 12. Nc7 Re4 13. Be5 Nxe5 14. dxe5
Qxc7 15. exf6 d4 16. Qd3 Rae8 17. fxg7 Bxg7 18. b3 Qf4 19. a4 Bf8 20. g3 Qh6
21. Kg2 Qc6 22. Kh2 Re2 23. Qf5 R8e3 24. Ng1 Rd2 25. Rad1 Rxd1 26. Rxd1 Rc3 27.
Re1 Qg6 28. Qxg6+ hxg6 29. Re2 d3 30. cxd3 Rxd3 31. Re3 Rxe3 32. fxe3 Bh6 33.
e4 a6 34. Kg2 b5 35. axb5 axb5 36. Kf3 Kg7 37. Ke2 c4 38. bxc4 bxc4 39. Nf3 Kf6
40. Kd1 Ke6 41. Kc2 Kd6 42. Kc3 Kc5 43. h4 f5 44. exf5 gxf5 45. h5 Bg7+ 46. Kc2
Kd5 47. Nh4 Ke4 48. h6 Bxh6 1/2-1/2

[Event "4NCL Division 3 North"]
[Site "Doncaster, ENG"]
[Date "2018.05.05"]
[Round "9.33"]
[White "Richardson, Alex"]
[Black "Cooper, David M"]
[Result "1/2-1/2"]
[WhiteElo "2148"]
[BlackElo "2026"]
[PlyCount "132"]
[EventDate "2018.05.05"]
[WhiteTeam "Cheddleton 2"]
[BlackTeam "Warwickshire Select 2"]

1. c4 c6 2. Nc3 d5 3. e3 Nf6 4. d4 g6 5. Nf3 Bg7 6. Be2 O-O 7. O-O Bg4 8. Qb3
Qb6 9. h3 Bxf3 10. Bxf3 e6 11. Rd1 Nbd7 12. Qxb6 axb6 13. cxd5 exd5 14. b3 Rfe8
15. Bb2 Nf8 16. a4 Ne6 17. b4 Ng5 18. b5 Nge4 19. bxc6 bxc6 20. Nxe4 Nxe4 21.
Bxe4 Rxe4 22. Rdc1 Re6 23. Bc3 Bf8 24. Rcb1 c5 25. Rb5 Rc6 26. a5 bxa5 27.
Raxa5 Rac8 28. g3 h5 29. h4 Bg7 30. Kg2 cxd4 31. Bxd4 Rd6 32. Bxg7 Kxg7 33.
Rxd5 Rf6 34. Rd2 Rc7 35. Ra8 Rb6 36. Rad8 Rb5 37. R8d7 Rxd7 38. Rxd7 Re5 39.
Kf3 Rf5+ 40. Ke2 Ra5 41. e4 Kf6 42. Ke3 Ke6 43. Rb7 Ra2 44. Rb6+ Ke7 45. f3
Ra3+ 46. Kf4 Ra5 47. g4 hxg4 48. fxg4 Rc5 49. Ra6 Rb5 50. Ra7+ Ke6 51. Ra6+ Ke7
52. Ra8 Rc5 53. Rh8 Kf6 54. Rh7 Rc1 55. e5+ Ke6 56. h5 Rf1+ 57. Kg5 gxh5 58.
gxh5 Kxe5 59. Rh8 Rg1+ 60. Kh6 f5 61. Kh7 f4 62. Rf8 Ke4 63. h6 f3 64. Kh8 Ke3
65. h7 f2 66. Rxf2 Kxf2 1/2-1/2

[Event "4NCL Division 3 North"]
[Site "Doncaster, ENG"]
[Date "2018.05.05"]
[Round "9.35"]
[White "Floresc, Petru"]
[Black "Ingram, Keith R"]
[Result "0-1"]
[WhiteElo "1852"]
[BlackElo "1951"]
[PlyCount "64"]
[EventDate "2018.05.05"]
[WhiteTeam "Cheddleton 2"]
[BlackTeam "Warwickshire Select 2"]

1. e4 e5 2. Nf3 Nf6 3. Nc3 Bb4 4. d3 d5 5. exd5 Nxd5 6. Bd2 Nc6 7. a3 Nxc3 8.
Bxc3 Bxc3+ 9. bxc3 O-O 10. Be2 b6 11. O-O Bb7 12. Re1 Qf6 13. Bf1 Rfe8 14. Nd2
Qg6 15. Re3 f5 16. Rg3 Qh6 17. Rh3 Qg6 18. Qf3 Nd8 19. Qe2 Ne6 20. Rg3 Nf4 21.
Qe1 Qf6 22. Nf3 h5 23. Qd2 h4 24. Nxh4 Qxh4 25. d4 Rad8 26. Bb5 Rf8 27. Bc4+
Bd5 28. Bf1 exd4 29. Qxd4 Rf7 30. Rd1 Rd6 31. Re1 Bxg2 32. Qc4 Qxh2+ 0-1

[Event "4NCL Division 3 North"]
[Site "Doncaster, ENG"]
[Date "2018.05.05"]
[Round "9.36"]
[White "Cundy, Mark A"]
[Black "Armstrong, William G"]
[Result "1/2-1/2"]
[WhiteElo "1904"]
[BlackElo "1817"]
[PlyCount "91"]
[EventDate "2018.05.05"]
[WhiteTeam "Warwickshire Select 2"]
[BlackTeam "Cheddleton 2"]

1. e4 c5 2. Nf3 g6 3. d4 cxd4 4. Qxd4 Nf6 5. e5 Nc6 6. Qa4 Nd5 7. Qb3 Nc7 8.
Bf4 Bg7 9. Nbd2 O-O 10. Bg3 Ne6 11. Qe3 Nb4 12. Qe4 a5 13. c3 Nc5 14. Qb1 Nc6
15. Bc4 d6 16. exd6 Bf5 17. Qd1 exd6 18. O-O d5 19. Bb5 Qb6 20. Bxc6 bxc6 21.
Nb3 Nd3 22. Qd2 c5 23. Nc1 Nxb2 24. Qxd5 Bxc3 25. Ne2 Bg7 26. Ne5 Be6 27. Qd2
Rfd8 28. Qc2 Bf5 29. Qb3 Qxb3 30. axb3 Re8 31. Ra2 Nd3 32. Nc4 Nb4 33. Rd2 Bd3
34. Ne3 a4 35. bxa4 c4 36. Rc1 Bxe2 37. Rxe2 c3 38. Kf1 Rxa4 39. Bd6 Nd3 40.
Rd1 Rd4 41. Ba3 Nb2 42. Rb1 Rd2 43. Rxd2 cxd2 44. Bxb2 Rb8 45. Nc4 Bxb2 46.
Nxd2 1/2-1/2

[Event "4NCL Division 3 North"]
[Site "Doncaster, ENG"]
[Date "2018.05.05"]
[Round "9.41"]
[White "Bimpson, Tom"]
[Black "Bennett, Patrick"]
[Result "1/2-1/2"]
[WhiteElo "1994"]
[BlackElo "2013"]
[PlyCount "73"]
[EventDate "2018.05.05"]
[WhiteTeam "Spirit of Atticus B"]
[BlackTeam "Holmes Chapel"]

1. d4 Nf6 2. Bf4 g6 3. Nc3 Bg7 4. e4 d6 5. Qd2 O-O 6. O-O-O a6 7. Bh6 Nc6 8.
Bxg7 Kxg7 9. d5 Nb8 10. f4 c6 11. Nf3 Qb6 12. h3 cxd5 13. exd5 Bf5 14. Bd3 Bxd3
15. Qxd3 Nbd7 16. g4 Qb4 17. Qe3 Nb6 18. a3 Qxb2+ 19. Kxb2 Nc4+ 20. Kb3 Nxe3
21. Rd4 h5 22. Re1 hxg4 23. Rxe3 gxf3 24. Rxf3 Rac8 25. f5 Rc7 26. fxg6 fxg6
27. Ne2 Nh5 28. Re3 Rf5 29. c4 Re5 30. Rxe5 dxe5 31. Re4 Kf6 32. Nc3 Nf4 33.
Re3 Rc8 34. Ne4+ Kf5 35. Ng3+ Kf6 36. Ne4+ Kf5 37. Ng3+ 1/2-1/2

[Event "4NCL Division 3 North"]
[Site "Doncaster, ENG"]
[Date "2018.05.05"]
[Round "9.42"]
[White "Doran, Chris"]
[Black "Powell, Lloyd"]
[Result "1/2-1/2"]
[WhiteElo "1964"]
[BlackElo "2064"]
[PlyCount "45"]
[EventDate "2018.05.05"]
[WhiteTeam "Holmes Chapel"]
[BlackTeam "Spirit of Atticus B"]

1. e4 c5 2. Nf3 e6 3. Nc3 a6 4. d4 cxd4 5. Nxd4 d6 6. Bd3 Nf6 7. O-O Be7 8. Kh1
Qc7 9. f4 Bd7 10. Qf3 Nc6 11. Nxc6 Bxc6 12. Qg3 O-O 13. Bd2 b5 14. e5 Nh5 15.
Qh3 g6 16. Rae1 Rad8 17. Bc1 Ng7 18. a3 Nf5 19. Ne4 dxe5 20. fxe5 Qxe5 21. Ng5
Qg7 22. Bxf5 gxf5 23. Nf3 1/2-1/2

[Event "4NCL Division 3 North"]
[Site "Doncaster, ENG"]
[Date "2018.05.05"]
[Round "9.43"]
[White "Johnson, Michael D"]
[Black "Turner, John M"]
[Result "1/2-1/2"]
[WhiteElo "1983"]
[BlackElo "2000"]
[PlyCount "73"]
[EventDate "2018.05.05"]
[WhiteTeam "Spirit of Atticus B"]
[BlackTeam "Holmes Chapel"]

1. Nf3 Nf6 2. g3 b5 3. Bg2 Bb7 4. O-O e6 5. b3 c5 6. Bb2 Be7 7. e3 O-O 8. d3 d5
9. Ne5 Nc6 10. Nxc6 Bxc6 11. c4 a6 12. Nc3 Qd7 13. cxd5 Nxd5 14. Nxd5 Bxd5 15.
Qg4 g6 16. Bxd5 Qxd5 17. Rfd1 f5 18. Qe2 Rfd8 19. Rac1 Rac8 20. Ba1 e5 21. e4
Qe6 22. exf5 Qxf5 23. Qxe5 Qxe5 24. Bxe5 Rd5 25. f4 Rcd8 26. Kf1 Rxd3 27. Rxd3
Rxd3 28. Ke2 Rd7 29. Rc2 Kf7 30. Kf3 Ke6 31. Ke4 Rd1 32. Re2 Bf6 33. Bxf6 Kxf6
34. Rc2 Rd4+ 35. Ke3 Rd5 36. g4 Ke6 37. h3 1/2-1/2

[Event "4NCL Division 3 North"]
[Site "Doncaster, ENG"]
[Date "2018.05.05"]
[Round "9.45"]
[White "Cooper, John G"]
[Black "Roberts, Malcolm A"]
[Result "1-0"]
[WhiteElo "1923"]
[BlackElo "1629"]
[PlyCount "95"]
[EventDate "2018.05.05"]
[WhiteTeam "Spirit of Atticus B"]
[BlackTeam "Holmes Chapel"]

1. e4 e6 2. d4 d5 3. e5 c5 4. c3 cxd4 5. cxd4 Nc6 6. Nc3 a6 7. Nf3 g6 8. Be2
Nge7 9. Bg5 Bg7 10. Qd2 O-O 11. Bh6 Nf5 12. Bxg7 Kxg7 13. g4 Nh4 14. g5 Nxf3+
15. Bxf3 Ne7 16. h4 Nf5 17. Bg4 b5 18. a3 Bb7 19. Bxf5 exf5 20. f4 Qb6 21. h5
Rac8 22. hxg6 hxg6 23. Kf2 Rh8 24. Kg3 Rxh1 25. Rxh1 Rh8 26. Rxh8 Kxh8 27. Ne2
Qc7 28. Qb4 Kg7 29. Qc5 Qxc5 30. dxc5 Kf8 31. Nd4 Ke7 32. Kf2 Bc8 33. Ke3 Kd7
34. Kd2 Kc7 35. Kc3 Bd7 36. Kb4 Bc8 37. Ka5 Kb7 38. Kb4 Kc7 39. Kc3 Bd7 40. Nb3
Be6 41. Kd4 Kc6 42. Na5+ Kc7 43. b4 Kd7 44. c6+ Kc7 45. Kc5 Kc8 46. Nb3 Kc7 47.
Nd4 Kc8 48. Kb6 1-0

[Event "4NCL Division 3 North"]
[Site "Doncaster, ENG"]
[Date "2018.05.05"]
[Round "9.51"]
[White "Carpenter, Martin"]
[Black "Madden, Paul"]
[Result "0-1"]
[WhiteElo "2025"]
[BlackElo "2092"]
[PlyCount "60"]
[EventDate "2018.05.05"]
[WhiteTeam "Jorvik"]
[BlackTeam "Ashfield-Breadsall 1"]

1. e4 e6 2. d4 d5 3. Nc3 Nf6 4. Bg5 Bb4 5. e5 h6 6. Bh4 g5 7. Bg3 Ne4 8. Nge2
c5 9. a3 Bxc3+ 10. Nxc3 cxd4 11. Qxd4 Nc6 12. Bb5 Nxg3 13. hxg3 Qb6 14. Qxb6
axb6 15. Na4 Ra5 16. Bxc6+ bxc6 17. Nxb6 Bb7 18. c4 d4 19. b4 Rxe5+ 20. Kd2 c5
21. f3 g4 22. fxg4 Rg8 23. Rxh6 Rxg4 24. Rf1 Rxg3 25. Rhf6 Rxg2+ 26. Kd1 Ree2
27. Rxf7 Ra2 28. Rf8+ Ke7 29. R1f7+ Kd6 30. bxc5+ Kc6 0-1

[Event "4NCL Division 3 North"]
[Site "Doncaster, ENG"]
[Date "2018.05.05"]
[Round "9.52"]
[White "Mercs, Peter J"]
[Black "Hodge, Steve R"]
[Result "0-1"]
[WhiteElo "2095"]
[BlackElo "2042"]
[PlyCount "64"]
[EventDate "2018.05.05"]
[WhiteTeam "Ashfield-Breadsall 1"]
[BlackTeam "Jorvik"]

1. e4 c5 2. Nf3 Nc6 3. d4 cxd4 4. Nxd4 Nf6 5. Nc3 e5 6. Ndb5 d6 7. Bg5 a6 8.
Na3 b5 9. Bxf6 gxf6 10. Nd5 Bg7 11. c3 f5 12. exf5 Bxf5 13. Nc2 O-O 14. g3 Be4
15. f3 Bxd5 16. Qxd5 Ne7 17. Qd2 d5 18. Bg2 Qb6 19. Qf2 Rab8 20. Qxb6 Rxb6 21.
O-O-O a5 22. a3 Rd8 23. Rhe1 Nc6 24. f4 e4 25. Re2 b4 26. axb4 axb4 27. c4 b3
28. Na3 Nd4 29. Red2 e3 30. Rxd4 e2 31. Rxd5 Rxd5 32. cxd5 Bxb2+ 0-1

[Event "4NCL Division 3 North"]
[Site "Doncaster, ENG"]
[Date "2018.05.05"]
[Round "9.53"]
[White "White, Mark W"]
[Black "Combie, Alex B"]
[Result "0-1"]
[WhiteElo "2027"]
[BlackElo "1999"]
[PlyCount "92"]
[EventDate "2018.05.05"]
[WhiteTeam "Jorvik"]
[BlackTeam "Ashfield-Breadsall 1"]

1. e4 c5 2. Nf3 d6 3. d4 cxd4 4. Nxd4 Nf6 5. Nc3 a6 6. Bg5 e6 7. f4 h6 8. Bh4
Qb6 9. Qd2 Qxb2 10. Rb1 Qa3 11. Be2 Qa5 12. O-O Nbd7 13. Bf3 Be7 14. Bf2 O-O
15. g4 Nh7 16. Be3 Qc7 17. Rfd1 g5 18. f5 Ne5 19. Be2 Nc4 20. Bxc4 Qxc4 21. h4
b5 22. a3 Bd7 23. Rb3 Rfc8 24. Qh2 Qc7 25. hxg5 hxg5 26. Qh6 Bf8 27. Qh5 Qd8
28. Rd2 Qf6 29. Rh2 Qg7 30. Nf3 Be7 31. Bd4 Bf6 32. Bxf6 Nxf6 33. Qh3 Nh7 34.
e5 exf5 35. Nd5 fxg4 36. Qxh7+ Qxh7 37. Nf6+ Kg7 38. Rxh7+ Kg6 39. Nxg5 Bf5 40.
Nd5 Kxg5 41. Rg7+ Bg6 42. Nb6 dxe5 43. Rd3 Kh6 44. Rxg6+ Kxg6 45. Nxa8 Rxa8 46.
Kg2 Rc8 0-1

[Event "4NCL Division 3 North"]
[Site "Doncaster, ENG"]
[Date "2018.05.05"]
[Round "9.54"]
[White "Walker, Andrew N"]
[Black "Carpenter, James M"]
[Result "1-0"]
[WhiteElo "2037"]
[BlackElo "1937"]
[PlyCount "43"]
[EventDate "2018.05.05"]
[WhiteTeam "Ashfield-Breadsall 1"]
[BlackTeam "Jorvik"]

1. b3 e5 2. Bb2 Nc6 3. e3 Nf6 4. Nf3 Bd6 5. d4 exd4 6. exd4 O-O 7. Be2 Re8 8.
O-O Bf8 9. Ne5 d6 10. Nxc6 bxc6 11. Bf3 d5 12. Re1 Rxe1+ 13. Qxe1 Bf5 14. Nd2
Qd7 15. c4 Re8 16. Qc1 Bd6 17. g3 Ne4 18. c5 Be7 19. Nxe4 dxe4 20. Bg2 e3 21.
Qxe3 Bxc5 22. Qc3 1-0

[Event "4NCL Division 3 North"]
[Site "Doncaster, ENG"]
[Date "2018.05.05"]
[Round "9.55"]
[White "Cowan, Richard M"]
[Black "Naylor, Michael A"]
[Result "1/2-1/2"]
[WhiteElo "1869"]
[BlackElo "1982"]
[PlyCount "111"]
[EventDate "2018.05.05"]
[WhiteTeam "Jorvik"]
[BlackTeam "Ashfield-Breadsall 1"]

1. e4 e5 2. Nf3 Nc6 3. Bb5 a6 4. Ba4 Nf6 5. O-O Be7 6. Qe2 b5 7. Bb3 O-O 8. c3
d6 9. d4 Bg4 10. Rd1 Qc8 11. h3 Bh5 12. a4 b4 13. a5 Qb7 14. Bc2 b3 15. Bd3
exd4 16. Ra4 dxc3 17. Nxc3 Ne5 18. Bb1 Rfe8 19. g4 Bg6 20. Nxe5 dxe5 21. Qc4
Bd6 22. Be3 Nd7 23. f3 Kf8 24. Rxd6 cxd6 25. Rb4 Qc8 26. Qd5 Re6 27. Rxb3 Rb8
28. Ba2 Rxb3 29. Bxb3 Qb8 30. Na4 Qb4 31. Bd2 Qb8 32. Qd3 Re8 33. Bc4 Rc8 34.
Bxa6 Rc6 35. Bb5 Nc5 36. Nxc5 Rxc5 37. Bc4 Qc7 38. b3 Ke7 39. a6 f6 40. Bb4
Rxc4 41. Qxc4 Qxc4 42. bxc4 Be8 43. Kf2 g5 44. Ke3 Bc6 45. Kd3 Kd7 46. Kc3 Kc7
47. Ba5+ Kd7 48. Kb4 Kc8 49. Bb6 Kd7 50. Ka5 Kc8 51. a7 Bb7 52. Kb5 Kd7 53. Ba5
Bc6+ 54. Kb6 Ba8 55. Bb4 h6 56. Ba5 1/2-1/2

[Event "4NCL Division 3 North"]
[Site "Doncaster, ENG"]
[Date "2018.05.05"]
[Round "9.61"]
[White "Collins, Richard A"]
[Black "Sullivan, Daniel"]
[Result "1/2-1/2"]
[WhiteElo "1900"]
[BlackElo "1954"]
[PlyCount "67"]
[EventDate "2018.05.05"]
[WhiteTeam "Manchester Manticores 3"]
[BlackTeam "Bradford DCA Knights B"]

1. e4 c5 2. Nf3 Nc6 3. d4 cxd4 4. Nxd4 Nf6 5. f3 e6 6. Be2 Be7 7. Nxc6 bxc6 8.
O-O d6 9. b3 O-O 10. Bb2 Bb7 11. c4 Qc7 12. Nc3 d5 13. cxd5 cxd5 14. exd5 Nxd5
15. Nxd5 Bxd5 16. Rc1 Bc5+ 17. Bd4 Bxd4+ 18. Qxd4 Qb6 19. Rfd1 Rfc8 20. Qf2 Kf8
21. Rxc8+ Rxc8 22. Qxb6 axb6 23. Rd2 Ke7 24. Kf2 Rc3 25. Bd3 h6 26. Ke2 Kd6 27.
Be4 Kc5 28. Bxd5 exd5 29. Kd1 Kd6 30. Re2 b5 31. Kd2 b4 32. Re8 Rc7 33. Ra8 Ke5
34. Ra5 1/2-1/2